| 000 | 00571nam a22001937a 4500 | ||
|---|---|---|---|
| 003 | NUST | ||
| 005 | 20230126151923.0 | ||
| 008 | 190706b ||||| |||| 00| 0 eng d | ||
| 038 | _aAttaullah. | ||
| 082 | _a510 | ||
| 100 |
_aIrshad, Wajeeha _916915 |
||
| 245 |
_aNumerical Methods Preserving First Integrals of Hamiltonian System _cWajeeha Irshad. |
||
| 260 |
_aIslamabad : _bSNS - NUST, _c2017. |
||
| 300 |
_a66 p. : ill. ; _c30cm. |
||
| 500 | _aHard Cover. | ||
| 650 |
_aMathematics - MS Thesis. _916139 |
||
| 700 |
_aDr. Yousaf Habib. _916140 |
||
| 942 |
_2ddc _cTHE |
||
| 999 |
_c525972 _d525972 |
||